000 00645nam a2200181Ia 4500
999 _c54270
_d54270
003 GCL
005 20240530105237.0
008 140319s9999 xx 000 0 ara d
040 _aGCL /
_cGCL
082 0 4 _a249.2
_bع ن
100 1 _aعبدالمنعم احمد النمر
245 1 2 _aالنحلة اللقيطة: البابية والبهائية تاريخ ووثائق /
_cعبدالمنعم احمد النمر
260 _a[S.N] :
_bمكتبة التراث الاسلامى ،
_c1989
300 _a247
650 0 4 _aالاسلام والديانات الاخرى
650 0 4 _aالبهائية والبايية
942 _2ddc
_cBK